| LEADER |
00817nam0a2200205 450 |
| 001 |
16826422 |
| 010 |
|
|
|a 2-7427-0815-4
|b Br.
|d 7,62
|
| 100 |
|
|
|a 19960411d1996 u u0frey01 ba
|
| 101 |
1 |
|
|a fre
|c ger
|
| 102 |
|
|
|a FR
|
| 200 |
0 |
|
|a Parsifal
|e opéra en trois actes
|f Richard Wagner
|g éd. André Segond - trad. de l'allemand Karl Krieg
|
| 207 |
|
1 |
|a
|
| 215 |
|
|
|a 190 p.
|c ill.
|d 21 x 15 cm
|
| 300 |
|
|
|a Bilngue
|
| 330 |
|
|
|a Livret de ce drame sacré en trois actes précédé de notes sur Wagner, sur l'origine de Parsifal et sur la première à l'opéra de Paris en 1914.
|
| 700 |
|
0 |
|a Wagner
|b Richard
|4 230
|
| 701 |
|
0 |
|a Eschenbach
|b Wolfram von
|4 480
|
| 900 |
|
|
|a Documentaire
|
| 901 |
|
|
|a Accessible au prêt
|
| 995 |
|
|
|a Bibliothèque
|c Bibliothèque
|f 00156004795134
|h 00156004795134
|k 782.1 WAG
|o p
|q a
|r az
|e Bibliothèque
|